Plastics: rubber- Polymer dispersions and rubber 5lattices (natural and synthetic). Determination of residual monomers and other organic components by capillary-column gas chromatography. Part 1. Direct liquid injection method. (Record no. 74005)

MARC details
000 -LEADER
fixed length control field 00726nam a2200181Ia 4500
245 #0 - TITLE STATEMENT
Title Plastics: rubber- Polymer dispersions and rubber 5lattices (natural and synthetic). Determination of residual monomers and other organic components by capillary-column gas chromatography. Part 1. Direct liquid injection method.
260 ## - PUBLICATION, DISTRIBUTION, ETC. (IMPRINT)
Year of publication 1998
500 ## - GENERAL NOTE
General note Standard number: ISO 13741-1
650 ## - SUBJECT ADDED ENTRY--TOPICAL TERM
Topical Term Rubber polymer dispersions
650 ## - SUBJECT ADDED ENTRY--TOPICAL TERM
Topical Term Capillary column gas chromatography
650 ## - SUBJECT ADDED ENTRY--TOPICAL TERM
Topical Term Liquid injection method
650 ## - SUBJECT ADDED ENTRY--TOPICAL TERM
Topical Term Plastics polymer dispersions
650 ## - SUBJECT ADDED ENTRY--TOPICAL TERM
Topical Term Polymer dispersions
650 ## - SUBJECT ADDED ENTRY--TOPICAL TERM
Topical Term Residual monomers
650 ## - SUBJECT ADDED ENTRY--TOPICAL TERM
Topical Term Rubber lattice
942 ## - ADDED ENTRY ELEMENTS (KOHA)
Koha item type Standards
Holdings
Withdrawn status Lost status Damaged status Not for loan Collection code Home library Current library Date acquired Koha item type
      Standards ISO standards RRII Library RRII Library 31/12/2021 Standards